000 00955nam a22003137a 4500
003 CHAP
005 20220817044421.0
008 110128s2010 it a rn 00010 fre d
010 _a100386
011 _a101358
020 _a9789252056058
035 _a112045
040 _cCHAP
082 0 4 _a639.3
_bF38f
110 2 _aFAO
245 1 0 _aL'elevage de poisson en rizière
_c/editado por Matthias Halwart y Modadugu V. Gupta
260 _aRome :
_bFAO,
_c2010
300 _a87 p. :
_bilus., gráfs., cuadros, tablas
590 _aBATCH-UPD
_b10
_c20130110
_lUCH01
_h1146
590 _aCONVERSION
_b10
_c20130109
_lUCH01
_h1355
650 1 4 _aAcuicultura.
_9758
650 1 4 _aAgricultura y acuicultura.
_92031
650 1 4 _aPiscicultura.
_988531
700 1 _aGupta, Modadugu V.
_951527
700 1 _aHalwart, Matthias
_952401
901 _aBK
942 _cLIBRO
949 _a639.3 F38f
_bBC
_cFAO
_d33724002232827
_eFAO1
_gDonaciØn
_h114093
_i112045
_sb
999 _c100386
_d100386